000 00540nam a2200205Ia 4500
003 OSt
005 20240903141908.0
008 210423s2009 xx 000 0 und d
020 _a9788174467485
040 _cAL
041 _aeng
082 _a658.152
_223
_b SINS
100 _aRohini Singh
_980481
245 _aSecurity analysis and portfolio management
260 _aNew Delhi
_bExcel Books
_c2009
300 _axiii,381
_bPB
365 _b295
_cINR
906 _aanalysis ; management. ; portfolio ; Security
942 _2ddc
_cBK
999 _c157649
_d157649